000 00718nam a2200289Ia 4500
005 20260324143817.0
008 008 260324s9999 xx 000 0 eng d
020 _a9781315670454
037 _aEBOOK
040 _aCRL
040 _beng
040 _cCRL
041 _2eng
041 _aeng
084 _qCRL
100 _aR. S. White; Graham McGregor
_91217012
245 0 _aReception and Response
245 0 _bHearer Creativity and the Analysis of Spoken and Written Texts
260 _bTaylor and Francis
260 _c1990
365 _a
365 _b230
856 _uhttp://www.taylorfrancis.com/books/9781315670454
942 _cEBOOK
999 _c1822854
_d1822854